| 000 | 00536cam a22001457a 4500 | ||
|---|---|---|---|
| 008 | 180718b1988 xxu||||| |||| 00| 0 eng d | ||
| 082 | _aN1207x54 In2r | ||
| 100 | _aIndia. Joint Committee to Enquire into Bofors Contract | ||
| 245 |
_aReport: Joint Committee to Enquire into Bofors Contract (Eighth Lok Sabha) _cby Lok Sabha Secretariat |
||
| 260 |
_aNew Delhi _bLok Sabha Secretariat _c1988 |
||
| 300 | _a238+p. | ||
| 500 | _aChairman: B. Shankaranand | ||
| 700 | _aIndia. Lok Sabha Secretariat | ||
| 700 | _aShankaranana, B. (Chairman) | ||
| 999 |
_c483179 _d483179 |
||